Desenvolvimento e Meio Ambiente (Brazil) (Registro n. 4879)
[ somente texto ]
| 000 -LÍDER | |
|---|---|
| campo de controle de tamanho fixo | 00736aas a2200217 4500 |
| 003 - IDENTIFICADOR DO NÚMERO DE CONTROLE | |
| campo de controle | BR-BrBNA |
| 005 - DATA E HORÁRIO DA ÚLTIMA TRANSAÇÃO | |
| campo de controle | 20230317234331.0 |
| 007 - CAMPO FIXO DE DESCRIÇÃO FÍSICA--INFORMAÇÃO GERAL | |
| campo de controle de tamanho fixo | ta |
| 008 - CAMPO DE DADOS FIXOS--INFORMAÇÃO GERAL | |
| campo de controle de tamanho fixo | 230119b bl ||||| |||| 00| 0 por d |
| 022 ## - ISBN - INTERNATIONAL STANDARD BOOK NUMBER | |
| ISSN - International Standard Serial Number | 1518-952X |
| 040 ## - FONTE DA CATALOGAÇÃO | |
| Instituição da catalogação original | BR-BrBNA |
| Idioma da catalogação | Port. |
| Instituição que transcreveu o registro | BR-BrBNA |
| 044 ## - CÓDIGO DO PAÍS DA EMPRESA DE PUBLICAÇÃO/PRODUÇÃO | |
| Código MARC - País | bl |
| 245 ## - TÍTULO | |
| Título | Desenvolvimento e Meio Ambiente (Brazil) |
| Indicação de responsabilidade, etc. | 3 |
| 260 ## - PUBLICAÇÃO, DISTRIBUIÇÃO, ETC. | |
| Local de publicação, distribuição, etc. | Curitiba-PR |
| Nome do editor, distribuidor, etc. | Universidade Federal do Paraná-UFPR |
| Data da publicação, distribuição, etc. | 20051995 |
| Local da manufatura | BPR |
| 270 ## - ENDEREÇO | |
| Endereço | Rua João Negrão, 280 - Centro - Cx. Postal, 17.309 - Cep: 80010-200 |
| 310 ## - FREQUÊNCIA ATUAL DA PUBLICAÇÃO | |
| Frequência atual de publicação | irregular |
| 500 ## - NOTA GERAL | |
| Nota geral | os números 2-22 e 24 estão tratados como monografias. A partir do nímero 25 somente no site: http://ojs.c3sl.ufpr.br |
| 505 ## - NOTA DE CONTEÚDO FORMATADO | |
| Nota de conteúdo formatado | 2012 (26); 2013 (27-28); |
| 909 ## - | |
| -- | 56 |
| -- | Sergio Santos |
| -- | 56 |
| -- | Sergio Santos |
| 942 ## - ELEMENTOS DE ENTRADA ADICIONADOS (KOHA) | |
| Tipo de material Koha | Periódicos |
| Fonte da classificação ou esquema de arquivamento na estante | Classificação AGRIS |
| Situação do descarte | Fonte da classificação ou esquema de arquivamento na estante | Situação física | Não pode ser emprestado | Coleção | Biblioteca de origem | Biblioteca atual | Enumeração do periódico / cronologia | Total de empréstimos | Código de barras | Data de último acesso | Tipo de material Koha | Situação das perdas |
|---|---|---|---|---|---|---|---|---|---|---|---|---|
| Classificação AGRIS | Consulta local | Periódicos agrícolas | Biblioteca Nacional de Agricultura - Binagri | Biblioteca Nacional de Agricultura - Binagri | 2012 (26) | 2023-43051 | 01/03/2023 | Periódicos | ||||
| Classificação AGRIS | Consulta local | Periódicos agrícolas | Biblioteca Nacional de Agricultura - Binagri | Biblioteca Nacional de Agricultura - Binagri | 2013 (27-28) | 2023-43052 | 01/03/2023 | Periódicos |

BINAGRI